Historia 2 /
Guardado en:
| Autor Principal: | |
|---|---|
| Formato: | Libro |
| Publicado: |
Buenos Aires :
Stella,
1988
|
| Edición: | 4 |
| Etiquetas: |
Agregar Etiqueta
Sin Etiquetas, Sea el primero en etiquetar este registro!
|
| LEADER | 00399nam a22001575a 4500 | ||
|---|---|---|---|
| 001 | CEM.cems002136 | ||
| 005 | 20060216000000.0 | ||
| 008 | 130507s1988##################000#0#####d | ||
| 003 | CEMS | ||
| 082 | 0 | 4 | |a 940.2 |
| 100 | 1 | |a Drago, Alfredo L. | |
| 245 | 1 | 0 | |a Historia 2 / |
| 250 | |a 4 | ||
| 260 | |a Buenos Aires : |b Stella, |c 1988 | ||
| 300 | |a 4941 | ||
| 859 | |a CEMS |b BIB. CEMS - 11 de abril |h 940.2 |i D786A4 |p 15367.89 |t Ej.1 | ||
